| 000 | 00572nam a22001815i 4500 | ||
|---|---|---|---|
| 001 | 53427 | ||
| 003 | ES-MaACL | ||
| 005 | 20230906162750.0 | ||
| 007 | t| | ||
| 008 | 950921s1877 po ||||1| por d | ||
| 100 | 1 |
_aEsk Ferrari, Horacio. _947724 |
|
| 245 | 1 | 2 |
_aA hegemonia de Portugal na península ibérica / _cpor Horacio Esk Ferrari. |
| 260 |
_aLisboa : _b[s.n.], _c1877 ( _fTyp. de J.H. Verde) |
||
| 300 |
_a32 p. ; _c21 cm. |
||
| 651 | 4 |
_aEspaña- _xRelaciones- _zPortugal. _98476 |
|
| 651 | 4 |
_aPortugal- _xRelaciones- _zEspaña. _99269 |
|
| 852 |
_aES-MaACL _jT-712-F-8 |
||
| 999 |
_c53427 _d53427 |
||